000 00721nas a2200229 4500
001 BR8107675
003 BR-BrBNA
005 20231205084913.0
007 ta
008 230509b bl.|||p| |||| 00| 00por d
040 _aBR-BrBNA
_bpor
_cBiblioteca Nacional de Agricultura
041 _a(Pt)
072 _aF00; P05
100 1 _aBrieger, F.
245 1 _aImplantacao de novas lavouras de cana-de-acucar em funcao do Proalcool [Programa Nacional do Alcool, Brasil]
650 _aIMPLANTACAO DE CULTURA
650 _aCANA DE ACUCAR
650 _aALCOOL
773 0 _tSaccharum (Brazil)
_xISSN 0100-6223
_g(Jul 1981), v. 4(15) p. 15-19
_wBR8107675
909 _a202311
_bLúcia
_c55
_dLúcia Elande
942 _2AGRIS
_n0
_cANA
999 _c108023
_d108023